Ngôn ngữ và Tiếng Việt từ cách tiếp cận của lôgic học /

Wedi'i Gadw mewn:
Manylion Llyfryddiaeth
Prif Awdur: Nguyễn Ngọc Hà.
Fformat: Erthygl
Iaith:Vietnamese
Pynciau:
Tagiau: Ychwanegu Tag
Dim Tagiau, Byddwch y cyntaf i dagio'r cofnod hwn!
Thư viện lưu trữ: Thư viện Trường Đại học Đà Lạt
LEADER 00754nam a2200253 4500
001 DLU190194178
005 ##20191230
040 # # |a DLU  |b vie 
041 # # |a vie 
044 # # |a vn 
100 # # |a Nguyễn Ngọc Hà. 
245 # # |a Ngôn ngữ và Tiếng Việt từ cách tiếp cận của lôgic học /  |c Nguyễn Ngọc Hà. 
653 # # |a Ngôn ngữ 
653 # # |a Tư duy 
653 # # |a Tiếng Việt 
773 # # |t Tạp chí Khoa học xã hội Việt Nam  |g Số 10, 2018, tr. 14-25 
920 # # |a Phòng Tạp chí -- Trung tâm Thông tin - Thư viện Trường Đại học Đà Lạt 
900 # # |a True 
911 # # |a Hoàng Thị Huyền 
925 # # |a G 
926 # # |a A 
927 # # |a BB 
980 # # |a Thư viện Trường Đại học Đà Lạt